00564 a2200145 4500003000500000005001700005040000900022082000800031100003100039245005600070260003100126300001000157505022100167538003000388Nust20170207154118.0 cNust a574 aM.E. Phillips and L.E. Cox aTeach yourself biology cM.E. Phillips and L.E. Cox alondonbRichard clayc1940 a186p; aThe Animal as a Machine Incessantly at Work (Page-11) The Plant as a Machine Incessantly at Work (Page-66) The wide World of Living Things Their Structure Range and Variety (Page-94) Evolution and Heredity (Page-152) aAlmirah No 18. Shelf No.6